000 00766nam a2200253Ia 4500
003 OSt
005 20220927110125.0
006 a|||||r|||| 00| 0
007 ta
008 220926b |||||||| |||| 00| 0 eng d
020 _a0814317502
024 _a68601
037 _cReference Collections
040 _aRTL
_cRTL
_beng
041 _2eng
_aeng
082 _a"X7p1,N81, M3"
111 _aInternational Institute of Public Finance Congress (37th : 1981 : Tokyo Japan)
_9375993
245 0 _aProceedings
_b Public finance and economic growth
260 _aDetroit
_bWayne State University Press
_c1983
300 _a"xx, 427p."
_ccm.
650 _aPublic Finance
942 _h"X7p1,N81, M3"
_cCC
999 _c695429
_d695429